| 000 | 00837nam a2200313 a 4500 | ||
|---|---|---|---|
| 003 | AR-BaBNM | ||
| 005 | 20251128203740.0 | ||
| 008 | 082120s2002 ||||||||||||||000 | spa|| | ||
| 020 | _a84-7100-321-X | ||
| 040 | _cAR-BaBNM | ||
| 100 | 1 | _aMoreno de Alba, José G. | |
| 245 | 0 | 0 | _aDiferencias léxicas entre España y América |
| 250 | _a1ª ed. | ||
| 260 |
_aMadrid _bMapfre _c1992 |
||
| 300 | _a291 p. | ||
| 490 | 0 |
_aIdioma e Iberoamérica _vv. 4 |
|
| 500 | _aApéndices p. 233-291 | ||
| 650 | 4 | _aLENGUAS | |
| 650 | 4 | _aLENGUAS ROMANCES | |
| 650 | 4 | _aLENGUAS INDOEUROPEAS | |
| 650 | 4 | _aHISTORIA CULTURAL | |
| 650 | 4 | _aURBANIZACION | |
| 651 | 4 | _aEspaña | |
| 651 | 4 | _aAmérica Latina | |
| 800 | 1 |
_aGallego, José Andrés _ecoordinador |
|
| 800 | 1 |
_aGarrido, Miguel Angel _edirector |
|
| 942 | _cBK | ||
| 998 | _cmariana | ||
| 999 |
_c4771 _d4771 |
||